| 000 | 00370nam a22000977a 4500 | ||
|---|---|---|---|
| 008 | 160509b xxu||||| |||| 00| 0 eng d | ||
| 100 | _aSveriges Filatelist-Forbund | ||
| 245 | _aSpecialkatalog Sveriges frimarken och helsaker 1984-85 | ||
| 260 |
_aStockholm ; Lidingo, Sweden _bSveriges Filatelist-Forbund _c1984 |
||
| 650 | _aSweden | Catalogs and Price Lists | Postal Stationery | ||
| 999 |
_c1991 _d1991 |
||